02168agaaa2200289 45000010005000000030009000050050017000140070009000310080040000400400023000800410013001031000052001161300053001682450174002212500022003952600103004173000033005205080080005535200874006335380016015075460013015236500075015367000069016117000064016807000064017447000070018084689IT-RoPAU20220918181256.0d cvaizq50131s9999||||xx ||| | || ||und|| aIT-RoPAUcIT-RoPAU aITALIANO aDi Diodato RobertogCodice regista SPICS: 55765 aRACCONTI DELLA MORTE E RISURREZIONE DI GESU' (I) aRACCONTI DELLA MORTE E RISURREZIONE DI GESU' (I)cDiretto da: Di Diodato RobertopRACCONTI DELLA MORTE E RISURREZIONE DI GESU' (I) (Rif. Codice opera principale : H4689) aEdizione Standard aMILANO (ITALIA)bTELENOVA - SAT2000 - ITA 2003 / g"2003 (1° ed.: 2004 ; Ed. Lingua Orig.: n.d.)" aVHSbsonoro, col.c55 minuti a"Montaggio: Alba Maurizio; Soggetto: Borgonovo Gianantonio -- Gironi Primo" a"TERZA DELLE TRE VIDEOCASSETTE DELLA COLLANA IL CAMMINO DI DIO CON L'UOMO.E' LA PIU' RECENTE E APPROFONDITA INDAGINE SULLE PAGINE PIU' DIFFICILI E MENO CONOSCIUTE DELL'ANTICO TESTAMENTO. UNA SPECIE DI GRANDE QUARK CHE INTENDE AVVICINARE LA GENTE ALLA PAROLA DI DIO PER FARNE SCOPRIRE IL FASCINO ETERNO E MISTERIOSO. LE IMMAGINI SONO STATE GIRATE NEI LUOGHI PIU' IMPORTANTI E NEI SITI ARCHEOLOGICI PIU' ANTICHI E SUGGESTIVI DEL VICINO ANTICO ORIENTE. IN QUESTA VIDEOCASSETTA: LA CITTA' DI GERUSALEMME; IL TEMPIO DI ERODE; ILPALAZZO DI ERODE; LA PURITA' REGALE; LA COMUNIONE DEGLI ESSENI A GERUSALEMME; LA CELEBRAZIONE DELL'ULTIMA CENA; IL PROBLEMA DELLA DATAZIONE DELLA PASQUA EBRAICA; LA TOPOGRAFIA DEI RACCONTI DELLA PASSIONE; IL PRETORIO DOVE PILATO PRONUNCIO' LA CONDANNA; LA LOCAZIONE DEL GOLGOTA; IL VALORE DOCUMENTARIO DEI RACCONTI DELLE APPARIZIONI DEL RISORTO." aPAL, STEREO aITALIANO aDOCUMENTARIOeTV-PROGRAMMI RELIGIOSI [VHS]xCodice MATERIA SPICS: 9963 aBorgonovo Gianantonio e(soggetto)gCodice Soggetto SPICS: 57465 aDi Diodato Roberto e(regista)gCodice regista SPICS: 55765 aGironi Primo e(soggetto)gCodice Soggetto 2° SPICS: 34827 aGiuliani Stefaniae(regista)gCodice secondo regista SPICS: 57464